| 000 | 00969cam a2200277 4500 | ||
|---|---|---|---|
| 008 | 010921n2001 000 0 eng u | ||
| 020 | _a0632064021 | ||
| 035 | _a(Sirsi) u114729 | ||
| 050 | _a658.99 | ||
| 100 | _aFellows, R. | ||
| 245 | _aConstruction management in practice | ||
| 250 | _a2nd ed. | ||
| 260 |
_aOxford _bBlackwell Science _c2001 |
||
| 300 | _axiv, 378p. ; 24cm. | ||
| 350 | _a24.99 | ||
| 520 | _aThis second edition looks at management principles and techniques applied to day to day problems facing a business in the construction industry. It covers business strategy, industrial relations, health and safety and managing people. | ||
| 650 |
_aCONSTRUCTION MANAGEMENT _96230 |
||
| 650 | _aMANAGEMENT-PROJECT MANAGEMENT | ||
| 650 |
_aHEALTH AND SAFETY _96244 |
||
| 650 | _aHUMAN RESOURCES | ||
| 650 | _aBUDGETS | ||
| 690 | _aBUILDING AND CONSTRUCTION-MANAGEMENT | ||
| 700 | _aLangford, D. | ||
| 700 | _aNewcombe, R. | ||
| 942 | _n0 | ||
| 999 |
_c101648 _d101648 |
||